000 00660nam a22002057a 4500
003 OSt
005 20260413063820.0
008 260413b |||||||| |||| 00| 0 eng d
020 _a978-971-93671-6-1
040 _aDWCL-Main Lib
_cOC
082 _aProf. 203.1 S6211 2007
100 _aSanchez, Bo
245 _a7 secrets to real freedom : how to stop hidden addictions and achieve great success
260 _aQuezon City :
_bSheperd's Voice Publications,
_c c 2007.
300 _aiv, 171 p. :
_c22 cm.
650 _aChristian life.
650 _aHealing - Religious aspects - Christianity.
650 _aSpiritual healing.
942 _2ddc
_cPROF.
_mProf.
_n0
999 _c9380
_d9380